39-高知県の市町村クイズ - Statistics

General Stats
  • This quiz has been taken 1,520 times
    1,424 since last reset
  • The average score is 19 of 34
Answers on the Map
Answers color-coded by a green-red scale on the quiz's map according to % correct below.
 
Answer Stats
Answer % Correct
高知こうち
85%
室戸むろと
77%
四万十しまんと
71%
宿毛すくも
69%
土佐清水とさしみず
69%
安芸あき
68%
南国なんこく
68%
四万十しまんとちょう
62%
いのちょう
61%
馬路うまじむら
60%
香南こうなん
60%
須崎すさき
60%
香美かみ
59%
東洋とうようちょう
59%
奈半利なはりちょう
59%
黒潮くろしおちょう
56%
芸西げいせいむら
56%
土佐とさ
54%
大豊おおとよちょう
51%
仁淀川によどがわちょう
51%
大川おおかわむら
49%
大月おおつきちょう
49%
檮原ゆすはらちょう
49%
田野たのちょう
46%
三原みはらむら
45%
北川きたがわむら
44%
中土佐なかとさちょう
44%
佐川さかわちょう
42%
越知おちちょう
40%
土佐とさちょう
40%
安田やすだちょう
40%
津野つのちょう
39%
日高ひだかむら
37%
本山もとやまちょう
37%
No matching quizzes found
Score Distribution
Percent of People with Each Score
Percentile by Number Answered
Your Score History
You have not taken this quiz since the last reset